000 00874cam a22002775i 4500
001 18323344
003 SISC
005 20170116133510.0
008 141002s2015 cau 000 0 eng
010 _a 2014953071
020 _a9781446297124 (pbk.)
020 _a9781446297117 (hardback)
040 _aDLC
_beng
_erda
_cDLC
042 _apcc
050 _aGV 361
_b.Ar671 2015
100 1 _aArcher, Carol.
245 1 0 _aEncouraging physical development through movement-play /
_cCarol Archer, Iram Siraj.
250 _a1st edition.
260 _aLos Angeles :
_bSage,
_c2015.
263 _a1506
300 _axi, 164 pages :
_billustrations ;
_c23 cm.
500 _aIncludes bibliographical references and index.
906 _a0
_bibc
_corignew
_d2
_eepcn
_f20
_gy-gencatlg
942 _2lcc
_cBK
999 _c300762
_d300762